| 000 | 00907nam a2200253 a 4500 | ||
|---|---|---|---|
| 001 | 000004515 | ||
| 005 | 20260202095302.0 | ||
| 008 | 090723s2002 dr a r 001 0 spa d | ||
| 020 | _z999348103X | ||
| 040 |
_aDO-SdBNP _bspa _cBNPHU |
||
| 082 |
_a291.4 _bI73f |
||
| 100 | 1 |
_aIsaac, Telésforo _913196 |
|
| 245 | 1 | 3 |
_aFe y práctica de la espiritualidad cristiana / _cTelésforo Isaac ; prólogo Braulio Portes. |
| 260 |
_aSanto Domingo : _bPromociones y Publicidad La Fe, _c2002. |
||
| 300 |
_a178 p. : _bil. ; _c22 cm. |
||
| 500 | _aIncluye referencias bibliográficas y notas al pie de páginas. | ||
| 504 | _aBibliografía: p. 177-178. | ||
| 590 | _aInventariado, 2018/VM | ||
| 650 | 0 |
_aEspiritualidad _9613 |
|
| 650 | 4 |
_aVida espiritual _xCristianismo _9899 |
|
| 650 | 4 |
_aDirección espiritual _96470 |
|
| 700 | 1 |
_aPortes, Braulio, _d1935- _epról. _980454 |
|
| 910 | _aValidado. Control de calidad EMS | ||
| 999 |
_c4324 _d4324 |
||